Globalizácia ako realita v podmienkach Slovenskej republiky

Všeobecné vymedzenie pojmu globalizácia. Analýza úrovne globalizácie Slovenska a predikcia jej vývoja.

Salvato in:
Dettagli Bibliografici
Autore principale: Majtán, Štefan
Altri autori: Nemečková, Soňa
Natura: Capitolo di libro
Lingua:slovacco
Soggetti:
Tags: Aggiungi Tag
Nessun Tag, puoi essere il primo ad aggiungerne!!

MARC

LEADER 00000naa a2200000 4500
001 0167263
005 20240502072922.5
041 0 |a slo 
044 |a SK 
245 1 0 |a Globalizácia ako realita v podmienkach Slovenskej republiky  |c Štefan Majtán, Soňa Nemečková 
520 |a Všeobecné vymedzenie pojmu globalizácia. Analýza úrovne globalizácie Slovenska a predikcia jej vývoja. 
610 2 0 |a globalizácia 
610 2 0 |a prognózy hospodárske 
610 2 0 |a globalizácia hospodárstva 
610 2 0 |a Slovensko 
610 2 0 |a vývoj hospodársky 
100 1 |a Majtán, Štefan 
700 1 |a Nemečková, Soňa